Calculus for the life sentences (Record no. 28380)

MARC details
000 -LEADER
fixed length control field 00305nam a2200121Ia 4500
082 ## - DEWEY DECIMAL CLASSIFICATION NUMBER
Classification number 517.2
Item number DES
100 ## - MAIN ENTRY--AUTHOR NAME
Personal name Desapio, Rodolfo
245 #0 - TITLE STATEMENT
Title Calculus for the life sentences
260 ## - PUBLICATION, DISTRIBUTION, ETC. (IMPRINT)
Place of publication San Francisco
Name of publisher Freeman
Year of publication 1976
650 ## - SUBJECT ADDED ENTRY--TOPICAL TERM
Topical Term Calculus
942 ## - ADDED ENTRY ELEMENTS (KOHA)
Koha item type Books
Holdings
Withdrawn status Lost status Damaged status Not for loan Home library Current library Date acquired Cost, normal purchase price Full call number Accession Number Koha item type
        RRII Library RRII Library 16/12/2021 17.00 517.2 DES 08981 Books